| 000 | 00587nam a2200241 a 4500 | ||
|---|---|---|---|
| 001 | nice12345678 | ||
| 003 | IN_TiNIC | ||
| 005 | 20260116011415.0 | ||
| 008 | 070626s0000 teha grp 000 0 per | ||
| 020 |
_a _c100 |
||
| 082 | 0 | 0 |
_a891.51 _bSAA5 |
| 100 | _aSaadi, Sk Muslahuddin | ||
| 245 | _aBoostan-E-sadi | ||
| 260 |
_aTehran _bNo Publisher _c0000 |
||
| 300 | _a00p | ||
| 500 | _aincludes index and biblioraphy | ||
| 650 | _aPersian Poetry-Sanai | ||
| 650 | _aPersian Poetry-Saadi | ||
| 700 | 1 | _aSaadi, Sk Muslahuddin | |
| 902 | _bSRS | ||
| 942 | _cBK | ||
| 999 |
_c1264 _d1264 |
||